| 000 | 00957nmc a2200361 a 4500 | ||
|---|---|---|---|
| 003 | AR-BaBNM | ||
| 005 | 20251128203943.0 | ||
| 008 | 155019s1981 ||||||||||||||000 | spa|| | ||
| 020 | _a84-7046-247-4 | ||
| 040 | _cAR-BaBNM | ||
| 100 | 1 | _aVelilla Barquero, Ricardo | |
| 245 | 1 | 0 | _aLa literatura del exilio a partir de 1936 |
| 260 |
_aMadrid _bCincel _c1981 |
||
| 300 | 0 | _a80 p. | |
| 490 | 0 | _aCuadernos de estudio. Literatura | |
| 500 | 0 | _aContiene cuadro cronológico | |
| 500 | 0 | _aIndice de las materias | |
| 504 | _aBibliografía | ||
| 650 | 4 | _aLITERATURA ESPANOLA | |
| 650 | 4 | _aREALISMO | |
| 650 | 4 | _aPOESIAS | |
| 650 | 4 | _aTEATRO | |
| 650 | 4 | _aEXILIO | |
| 650 | 4 | _aHISTORIA LITERARIA | |
| 651 | 4 | _aEspaña | |
| 653 | 0 | _aGUERRA CIVIL ESPANOLA | |
| 653 | 0 | _aLITERATURA POLITICA | |
| 655 | _aLITERATURA | ||
| 800 | 1 |
_aMarín, Marcos F. _ecoordinador |
|
| 800 | 1 |
_aBasanta, Angel _ecoordinador |
|
| 942 | _cBK | ||
| 998 | _cCarmen | ||
| 999 |
_c5597 _d5597 |
||